00222 a2200097 450000100060000008200140000610000230002024500430004326000280008630000100011464377 a332.1 AUE aAuerbach Robert d aMoney, Banking and Financial Markets aNYbMacmillan Pubc1988 a832 P